[Event "Bayern-chI Bank Hofmann 26th"]
[Site "Tegernsee"]
[Date "2023.11.02"]
[Round "6"]
[White "Weber, Ulrich"]
[Black "Renner, Kai"]
[Result "1/2-1/2"]
[WhiteElo "2349"]
[BlackElo "2103"]
[PlyCount "36"]
[EventDate "2023.10.28"]
[EventType "swiss"]
[EventRounds "9"]
[EventCountry "GER"]
[SourceTitle "Mega2024 Update 01"]
[Source "Chessbase"]
[SourceDate "2023.11.12"]
[SourceVersion "1"]
[SourceVersionDate "2023.11.12"]
[SourceQuality "1"]

1. Nf3 f5 2. g3 Nf6 3. Bg2 g6 4. 0-0 Bg7 5. d4 0-0 6. Nbd2 d6 7. Re1 Nc6 8. e4 e5 9. c3 Nxe4 10. Nxe4 fxe4 11. Qb3+ d5 12. Bg5 Qd7 13. Nxe5 Nxe5 14. dxe5 Qf7 15. Bf6 Bxf6 16. exf6 c6 17. c4 Be6 18. cxd5 Bxd5 1/2-1/2

[Event "Bad Pyrmont Pape op-A 2nd"]
[Site "Bad Pyrmont"]
[Date "2023.08.12"]
[Round "4"]
[White "Renner, Kai"]
[Black "Schubert, Matthias"]
[Result "1-0"]
[WhiteElo "2150"]
[BlackElo "1873"]
[PlyCount "45"]
[EventDate "2023.08.10"]
[EventType "swiss"]
[EventRounds "7"]
[EventCountry "GER"]
[SourceTitle "EXT 2024"]
[Source "ChessBase"]
[SourceDate "2023.10.10"]
[SourceVersion "1"]
[SourceVersionDate "2023.10.10"]
[SourceQuality "1"]

1. e4 e6 2. d4 d5 3. Nd2 Nf6 4. e5 Nfd7 5. f4 c5 6. c3 Nc6 7. Ndf3 f6 8. Bd3 cxd4 9. cxd4 Qb6 10. g3 Be7 11. Kf1 0-0 12. Kg2 fxe5 13. fxe5 Ndxe5 14. dxe5 Nxe5 15. Nxe5 Qf2+ 16. Kh3 Bd6 17. Ngf3 Rxf3 18. Qxf3 Qxf3 19. Nxf3 e5+ 20. Kg2 e4 21. Be2 exf3+ 22. Bxf3 Be6 23. Re1 1-0

[Event "Bad Pyrmont Pape op-A 2nd"]
[Site "Bad Pyrmont"]
[Date "2023.08.11"]
[Round "2"]
[White "Renner, Kai"]
[Black "Reller, Ole"]
[Result "0-1"]
[WhiteElo "2150"]
[BlackElo "1846"]
[PlyCount "140"]
[EventDate "2023.08.10"]
[EventType "swiss"]
[EventRounds "7"]
[EventCountry "GER"]
[SourceTitle "EXT 2024"]
[Source "ChessBase"]
[SourceDate "2023.10.10"]
[SourceVersion "1"]
[SourceVersionDate "2023.10.10"]
[SourceQuality "1"]

1. e4 e6 2. d4 d5 3. Nd2 c5 4. exd5 Qxd5 5. Ngf3 cxd4 6. Bc4 Qd7 7. 0-0 Nf6 8. Nb3 Nc6 9. Nbxd4 Nxd4 10. Nxd4 a6 11. Re1 Bc5 12. Be3 0-0 13. Nb3 Bxe3 14. Rxe3 Qxd1+ 15. Rxd1 b5 16. Be2 Bb7 17. Na5 Be4 18. c4 bxc4 19. Nxc4 Rfb8 20. Ra3 Bd5 21. b3 Kf8 22. Kf1 Ne4 23. Bf3 Nc3 24. Rc1 Nb5 25. Ra4 Bxf3 26. gxf3 Rc8 27. Ke2 Rc5 28. Ke3 Nc7 29. Ra5 Nd5+ 30. Ke4 Rc6 31. f4 g6 32. Rc2 Rd8 33. Ne3 Rxc2 34. Nxc2 Rd6 35. Ne3 Nf6+ 36. Kf3 Nd7 37. Nc4 Rc6 38. Ne5 Nxe5+ 39. fxe5 h5 40. Ke3 Ke7 41. Ra4 Kd7 42. Rf4 Ke7 43. Rc4 Rb6 44. Rc7+ Kf8 45. Ra7 g5 46. Kd4 g4 47. Kc5 Rb5+ 48. Kc6 Rxe5 49. Rxa6 Re2 50. b4 Rxf2 51. b5 Rxh2 52. b6 Rc2+ 53. Kd7 Rb2 54. Kc6 g3 55. Ra8+ Kg7 56. Ra3 h4 57. b7 g2 58. Rb3 Rxb3 59. axb3 g1Q 60. b8Q Qg2+ 61. Kd7 h3 62. Qe5+ Kg8 63. Qb8+ Kh7 64. Qf4 Kg6 65. Ke8 Qc6+ 66. Ke7 Qc5+ 67. Ke8 Qf5 68. Qh4 Qb5+ 69. Kf8 Qg5 70. Qe4+ f5 0-1

[Event "GER CupT"]
[Site "Germany"]
[Date "2023.01.28"]
[Round "1.2"]
[White "Langrock, Hannes"]
[Black "Renner, Kai"]
[Result "1-0"]
[WhiteElo "2357"]
[BlackElo "2171"]
[PlyCount "131"]
[EventDate "2023.01.28"]
[EventType "team-k.o."]
[EventRounds "4"]
[EventCountry "GER"]
[SourceTitle "EXT 2024"]
[Source "ChessBase"]
[SourceDate "2023.10.10"]
[SourceVersion "1"]
[SourceVersionDate "2023.10.10"]
[SourceQuality "1"]
[WhiteTeam "Nickelhuette Aue"]
[BlackTeam "Hameln"]
[WhiteTeamCountry "GER"]
[BlackTeamCountry "GER"]

1. d4 f5 2. Nf3 Nf6 3. g3 g6 4. Bg2 Bg7 5. 0-0 0-0 6. b3 d6 7. Bb2 Ne4 8. Nbd2 Nc6 9. Ne1 d5 10. Ndf3 Be6 11. Nd3 Qd7 12. Nfe5 Nxe5 13. dxe5 Rad8 14. f3 Ng5 15. Nf4 d4 16. h4 Nf7 17. Nxe6 Qxe6 18. f4 Qa6 19. Qd3 Qxd3 20. cxd3 c6 21. Rac1 e6 22. Rc4 Rfe8 23. Rxd4 Bf8 24. Rc1 Be7 25. Rcc4 Rxd4 26. Bxd4 Rd8 27. Be3 Kf8 28. b4 a6 29. Kf2 Ke8 30. Ke1 Kd7 31. a3 Ra8 32. Bb6 Bd8 33. Bxd8 Nxd8 34. Rc5 b6 35. Rc4 b5 36. Rc5 a5 37. Rxb5 axb4 38. Rxb4 Rxa3 39. Rd4+ Ke7 40. h5 gxh5 41. Bf3 Ra1+ 42. Kf2 h4 43. gxh4 Ra7 44. Rd6 Rc7 45. e4 Nb7 46. Rd4 Nc5 47. exf5 exf5 48. Rd6 Ne6 49. Bxc6 Nxf4 50. Ke3 Ng6 51. d4 Nxh4 52. Kf4 Kf8 53. d5 Ng6+ 54. Kxf5 Rf7+ 55. Rf6 Ne7+ 56. Ke6 Rxf6+ 57. Kxf6 h5 58. Bb7 h4 59. d6 Ng8+ 60. Ke6 Ke8 61. Bc6+ Kd8 62. Kf7 Nh6+ 63. Kg6 Ng4 64. e6 Ne5+ 65. Kg7 Nxc6 66. Kf8 1-0

[Event "Verden op-A"]
[Site "Verden"]
[Date "2023.01.07"]
[Round "6"]
[White "Aden, Tammo"]
[Black "Renner, Kai"]
[Result "1/2-1/2"]
[WhiteElo "1995"]
[BlackElo "2171"]
[PlyCount "96"]
[EventDate "2023.01.05"]
[EventType "swiss"]
[EventRounds "7"]
[EventCountry "GER"]
[SourceTitle "CBM 212 Extra"]
[Source "ChessBase"]
[SourceDate "2023.03.31"]
[SourceVersion "1"]
[SourceVersionDate "2023.03.31"]
[SourceQuality "1"]

1. d4 f5 2. e4 fxe4 3. Nc3 Nf6 4. Bg5 Nc6 5. d5 Ne5 6. Qd4 Nf7 7. Bxf6 exf6 8. Nxe4 f5 9. Ng3 g6 10. Nf3 Bh6 11. d6 0-0 12. Bc4 cxd6 13. 0-0 Bg7 14. Qd2 Kh8 15. Bxf7 Rxf7 16. Rae1 Rf8 17. Re2 b6 18. Rfe1 Qf6 19. Re7 Bb7 20. Rxd7 Bxf3 21. gxf3 Rfe8 22. Rxe8+ Rxe8 23. Rxd6 Qxb2 24. Rd8 Qe5 25. Qd7 Rf8 26. Rxf8+ Bxf8 27. Qxa7 Bc5 28. Qa8+ Kg7 29. Qb7+ Kh6 30. Nh1 Qa1+ 31. Kg2 Qxa2 32. c3 Qc2 33. Qc7 Qxc3 34. Qf4+ Kg7 35. Qc7+ Kf6 36. Qd8+ Ke6 37. Qg8+ Kd6 38. Qxh7 Qf6 39. Ng3 Qe6 40. h4 b5 41. h5 gxh5 42. Nxf5+ Kc6 43. Qxh5 b4 44. Qg4 Qd5 45. Ng3 Qd4 46. Ne4 Kb5 47. Qg8 Qc4 48. Qe8+ Kb6 1/2-1/2

[Event "Verden op-A"]
[Site "Verden"]
[Date "2023.01.05"]
[Round "2"]
[White "Rossberg, Jonathan"]
[Black "Renner, Kai"]
[Result "1/2-1/2"]
[WhiteElo "1839"]
[BlackElo "2171"]
[PlyCount "97"]
[EventDate "2023.01.05"]
[EventType "swiss"]
[EventRounds "7"]
[EventCountry "GER"]
[SourceTitle "CBM 212 Extra"]
[Source "ChessBase"]
[SourceDate "2023.03.31"]
[SourceVersion "1"]
[SourceVersionDate "2023.03.31"]
[SourceQuality "1"]

1. e4 c5 2. Nf3 e6 3. d4 cxd4 4. Nxd4 a6 5. Nc3 Qc7 6. g3 Bb4 7. Bd2 Nf6 8. Bg2 Nc6 9. Nxc6 bxc6 10. 0-0 Rb8 11. f4 d5 12. e5 Nd7 13. Kh1 0-0 14. Qe1 c5 15. a3 Bxc3 16. Bxc3 Nb6 17. b3 Bb7 18. Qe2 d4 19. Bd2 Bxg2+ 20. Qxg2 Rfd8 21. f5 exf5 22. Rxf5 Rd7 23. e6 fxe6 24. Bf4 Qc8 25. Rxc5 Qxc5 26. Bxb8 Nd5 27. Bf4 Nxf4 28. Qa8+ Qf8 29. Qxf8+ Kxf8 30. gxf4 d3 31. cxd3 Rxd3 32. b4 Rf3 33. Kg2 Rxf4 34. Rc1 Rd4 35. Rc6 Rd2+ 36. Kg1 a5 37. Rxe6 axb4 38. axb4 Rb2 39. Rb6 Ke7 40. Rb7+ Kf6 41. b5 h5 42. b6 g5 43. Rb8 Kf5 44. h4 Kg4 45. hxg5 Kxg5 46. b7 Kh4 47. Kf1 Kh3 48. Rh8 Rxb7 49. Rxh5+ 1/2-1/2

[Event "Bayern-chI Bank Hofmann 25th"]
[Site "Tegernsee"]
[Date "2022.11.06"]
[Round "2"]
[White "Renner, Kai"]
[Black "Baum, Jonasz"]
[Result "0-1"]
[WhiteElo "2144"]
[BlackElo "2412"]
[PlyCount "120"]
[EventDate "2022.11.05"]
[EventType "swiss"]
[EventRounds "9"]
[EventCountry "GER"]
[SourceTitle "CBM 211 Extra"]
[Source "ChessBase"]
[SourceDate "2023.01.31"]
[SourceVersion "1"]
[SourceVersionDate "2023.01.31"]
[SourceQuality "1"]

1. e4 c5 2. Nf3 d6 3. d4 cxd4 4. Nxd4 Nf6 5. Nc3 a6 6. Be2 e5 7. Nb3 Be6 8. 0-0 Be7 9. f4 0-0 10. Kh1 Bd7 11. Be3 Bc6 12. Bf3 Nbd7 13. a4 b5 14. a5 Qc7 15. Re1 Rac8 16. Rc1 Qb7 17. Qd3 Rfe8 18. Nd5 Bxd5 19. exd5 e4 20. Bxe4 Nxe4 21. Qxe4 Bh4 22. Qd3 Bxe1 23. Rxe1 Nf6 24. Rd1 Qxd5 25. Nd4 Qe4 26. Bg1 Qxd3 27. cxd3 Nd5 28. g3 g6 29. Kg2 Ne3+ 30. Bxe3 Rxe3 31. Kf2 Re7 32. Rd2 Rc1 33. Rc2 Ree1 34. Rc6 Rh1 35. Rxa6 Rxh2+ 36. Kf3 Rxb2 37. Rxd6 Ra1 38. a6 Rba2 39. Nb3 Rf1+ 40. Ke4 Re1+ 41. Kd5 Re6 42. Rd8+ Kg7 43. Nc5 Rb6 44. d4 b4 45. Kc4 b3 46. Nxb3 Ra4+ 47. Kc3 Ra3 48. a7 Rxa7 49. Nc5 Ra3+ 50. Kc4 Rxg3 51. Nd7 Rb1 52. Ne5 Rf1 53. d5 Rxf4+ 54. Kc5 Rc3+ 55. Kd6 h5 56. Nc6 h4 57. Kc7 h3 58. Re8 h2 59. Re1 Rf5 60. d6 Rfc5 0-1

[Event "GER-ch Net blitz qual4"]
[Site "Playchess.com INT"]
[Date "2021.05.10"]
[Round "9"]
[White "Loew, Gerald"]
[Black "Renner, Kai"]
[Result "1-0"]
[WhiteElo "2078"]
[BlackElo "1854"]
[PlyCount "149"]
[EventDate "2021.05.10"]
[EventType "swiss (blitz)"]
[EventRounds "11"]
[EventCountry "GER"]
[SourceTitle "CBM 202 Extra"]
[Source "ChessBase"]
[SourceDate "2021.07.31"]
[SourceVersion "1"]
[SourceVersionDate "2021.07.31"]
[SourceQuality "1"]

1. c4 f5 2. g3 Nf6 3. Bg2 g6 4. Nc3 Bg7 5. d3 0-0 6. e4 fxe4 7. dxe4 d6 8. Nge2 c5 9. 0-0 Nc6 10. h3 Be6 11. Nd5 Qd7 12. Kh2 Rab8 13. Nef4 Bf7 14. Be3 a6 15. Rc1 b5 16. b3 Rfd8 17. Qd2 Nd4 18. Bxd4 cxd4 19. cxb5 Nxd5 20. Nxd5 Bxd5 21. exd5 axb5 22. h4 e5 23. Bh3 Qe7 24. Be6+ Kh8 25. Qd3 Rb7 26. f4 exf4 27. Rxf4 Be5 28. Re4 Rf8 29. Kg2 Qf6 30. Rf1 Qxf1+ 31. Qxf1 Rxf1 32. Kxf1 Ra7 33. Re2 Bxg3 34. h5 gxh5 35. Rc2 b4 36. Rc8+ Kg7 37. Rg8+ Kf6 38. Rxg3 Rxa2 39. Rh3 Rb2 40. Ke1 h4 41. Rxh4 Rxb3 42. Rxd4 Rb2 43. Rh4 Kg6 44. Rg4+ Kf6 45. Kd1 h6 46. Kc1 Rb3 47. Kc2 Rc3+ 48. Kb2 Rc7 49. Rxb4 h5 50. Rh4 Kg5 51. Rh1 h4 52. Kb3 Rc5 53. Kb4 Rc2 54. Kb5 Rc5+ 55. Kb6 Rc2 56. Rg1+ Kh5 57. Rg8 Rc3 58. Rd8 Kg5 59. Rxd6 h3 60. Rd8 h2 61. Rh8 Rc2 62. d6 Kf6 63. d7 Rd2 64. Rxh2 Rd6+ 65. Kc7 Ke7 66. Rh7+ Kxe6 67. d8Q Rxd8 68. Kxd8 Kd6 69. Rh6+ Ke5 70. Ke7 Kd5 71. Rh5+ Ke4 72. Ke6 Kd4 73. Re5 Kd3 74. Kd5 Kc3 75. Re3+ 1-0

[Event "GER-ch Net blitz qual4"]
[Site "Playchess.com INT"]
[Date "2021.05.10"]
[Round "3"]
[White "Renner, Kai"]
[Black "Hundack, Rolf"]
[Result "0-1"]
[WhiteElo "1854"]
[BlackElo "2020"]
[PlyCount "82"]
[EventDate "2021.05.10"]
[EventType "swiss (blitz)"]
[EventRounds "11"]
[EventCountry "GER"]
[SourceTitle "CBM 202 Extra"]
[Source "ChessBase"]
[SourceDate "2021.07.31"]
[SourceVersion "1"]
[SourceVersionDate "2021.07.31"]
[SourceQuality "1"]

1. e4 e5 2. Nf3 Nc6 3. Bb5 g6 4. 0-0 d6 5. d4 exd4 6. Bg5 Be7 7. Bxe7 Qxe7 8. Nxd4 Bd7 9. Nc3 Nf6 10. Re1 0-0 11. Nd5 Qd8 12. a4 a6 13. Bf1 Nxd5 14. exd5 Nxd4 15. Qxd4 Qg5 16. a5 Rfe8 17. g3 Bf5 18. c3 h5 19. h4 Qd8 20. b4 Qd7 21. c4 Rxe1 22. Rxe1 Re8 23. Re3 Rxe3 24. Qxe3 Qa4 25. Qe1 Qc2 26. Qe2 Qb1 27. b5 Bh3 28. f3 Kg7 29. Kf2 Bxf1 30. Qxf1 Qa2+ 31. Qe2 Qxa5 32. Qb2+ Kg8 33. bxa6 Qxa6 34. Qe2 Qa7+ 35. Kg2 Qc5 36. Qe8+ Kg7 37. Qe4 c6 38. dxc6 bxc6 39. g4 hxg4 40. fxg4 Qe5 41. Qd3 d5 0-1

[Event "GER-ch Net blitz qual4"]
[Site "Playchess.com INT"]
[Date "2021.05.10"]
[Round "5"]
[White "Volkmer, Andreas"]
[Black "Renner, Kai"]
[Result "0-1"]
[WhiteElo "2033"]
[BlackElo "1854"]
[PlyCount "122"]
[EventDate "2021.05.10"]
[EventType "swiss (blitz)"]
[EventRounds "11"]
[EventCountry "GER"]
[SourceTitle "CBM 202 Extra"]
[Source "ChessBase"]
[SourceDate "2021.07.31"]
[SourceVersion "1"]
[SourceVersionDate "2021.07.31"]
[SourceQuality "1"]

1. Nc3 d5 2. e4 d4 3. Nce2 c5 4. Ng3 Nc6 5. Bb5 Qb6 6. Qe2 a6 7. Bc4 Ne5 8. Nf3 Nxc4 9. Qxc4 Be6 10. Qe2 Nf6 11. 0-0 Bg4 12. h3 Bxf3 13. Qxf3 e6 14. d3 Be7 15. Rb1 0-0 16. Bd2 Qc6 17. Qe2 b5 18. f4 c4 19. f5 e5 20. Bg5 h6 21. Bd2 Rfc8 22. Rbc1 Ra7 23. Kh2 Rac7 24. Nh5 Qb6 25. Nxf6+ Bxf6 26. dxc4 bxc4 27. Qg4 Kf8 28. Rf3 Qxb2 29. Rcf1 c3 30. Bc1 Qxa2 31. Rg3 Ke7 32. Qe2 Qa4 33. Qd3 Qc4 34. Rgf3 Qxd3 35. Rxd3 Rb7 36. g4 a5 37. h4 Bxh4 38. Kh3 Bg5 39. Ba3+ Ke8 40. f6 Bxf6 41. Rf5 Rb5 42. g5 hxg5 43. Rf1 Be7 44. Bc1 f6 45. Kg4 a4 46. Kf5 Kf7 47. Rh1 Rbb8 48. Kg4 Rh8 49. Rf1 Ke6 50. Rh3 Rxh3 51. Kxh3 a3 52. Bxa3 Bxa3 53. Ra1 Be7 54. Ra5 Rb2 55. Ra6+ Kf7 56. Kg4 Rxc2 57. Rc6 Rd2 58. Kf3 c2 59. Rc7 d3 60. Kg4 Rd1 61. Kf5 g6+ 0-1

[Event "GER-ch Net blitz qual4"]
[Site "Playchess.com INT"]
[Date "2021.05.10"]
[Round "11"]
[White "Weidenhoefer, Max"]
[Black "Renner, Kai"]
[Result "1-0"]
[WhiteElo "1771"]
[BlackElo "1854"]
[PlyCount "77"]
[EventDate "2021.05.10"]
[EventType "swiss (blitz)"]
[EventRounds "11"]
[EventCountry "GER"]
[SourceTitle "CBM 202 Extra"]
[Source "ChessBase"]
[SourceDate "2021.07.31"]
[SourceVersion "1"]
[SourceVersionDate "2021.07.31"]
[SourceQuality "1"]

1. e4 c6 2. d4 d5 3. e5 Bf5 4. h4 h5 5. Bd3 Bxd3 6. Qxd3 e6 7. Bg5 Qb6 8. b3 c5 9. Be3 Nc6 10. Ne2 Nh6 11. 0-0 Nf5 12. c3 Nxh4 13. c4 Nf5 14. cxd5 Nb4 15. Qd2 Nxd5 16. dxc5 Bxc5 17. Bxc5 Qxc5 18. Nbc3 0-0 19. Ne4 Qb4 20. N2c3 Nxc3 21. Nxc3 Rfd8 22. Qb2 Rac8 23. Rac1 Rc6 24. a3 Qf4 25. Ne2 Qe4 26. Rxc6 Qxc6 27. Rc1 Qd5 28. Nf4 Qd4 29. Qxd4 Rxd4 30. Nxh5 Rd3 31. Rc8+ Kh7 32. Rc7 Rxb3 33. Nf4 Nh6 34. a4 a5 35. Nh3 Kg6 36. Rc5 b6 37. Rc6 Rb4 38. g3 Kf5 39. Nf4 1-0

[Event "GER-ch Net blitz qual3"]
[Site "Playchess.com INT"]
[Date "2021.05.07"]
[Round "2"]
[White "Renner, Kai"]
[Black "Eilers, Stefan"]
[Result "0-1"]
[WhiteElo "1845"]
[BlackElo "2229"]
[PlyCount "66"]
[EventDate "2021.05.07"]
[EventType "swiss (blitz)"]
[EventRounds "11"]
[EventCountry "GER"]
[SourceTitle "CBM 202 Extra"]
[Source "ChessBase"]
[SourceDate "2021.07.31"]
[SourceVersion "1"]
[SourceVersionDate "2021.07.31"]
[SourceQuality "1"]

1. e4 d6 2. d4 Nf6 3. Nc3 e5 4. Nf3 Nbd7 5. Bc4 Be7 6. 0-0 c6 7. a4 h6 8. h3 Qc7 9. b3 Nf8 10. Re1 g5 11. Bb2 Ng6 12. Nh2 exd4 13. Qxd4 Ne5 14. Bf1 g4 15. hxg4 Nfxg4 16. Nxg4 Bxg4 17. f4 Ng6 18. e5 dxe5 19. fxe5 Be6 20. Ne4 Qb6 21. Nd6+ Bxd6 22. exd6 Qxd4+ 23. Bxd4 Rg8 24. Kf2 Kd7 25. c4 Kxd6 26. Rad1 Kc7 27. g3 b6 28. Bg2 Rad8 29. Be3 h5 30. Bg5 Rxd1 31. Rxd1 Bg4 32. Re1 f6 33. Bc1 Rd8 0-1

[Event "GER-ch Net blitz qual3"]
[Site "Playchess.com INT"]
[Date "2021.05.07"]
[Round "5"]
[White "Renner, Kai"]
[Black "Hoppe, Thilo"]
[Result "0-1"]
[WhiteElo "1845"]
[BlackElo "2041"]
[PlyCount "42"]
[EventDate "2021.05.07"]
[EventType "swiss (blitz)"]
[EventRounds "11"]
[EventCountry "GER"]
[SourceTitle "CBM 202 Extra"]
[Source "ChessBase"]
[SourceDate "2021.07.31"]
[SourceVersion "1"]
[SourceVersionDate "2021.07.31"]
[SourceQuality "1"]

1. e4 e6 2. d4 d5 3. Nd2 Be7 4. Ngf3 c5 5. dxc5 Nf6 6. Bd3 Nc6 7. Qe2 0-0 8. 0-0 a5 9. c3 a4 10. Re1 Bxc5 11. e5 Nd7 12. Nf1 f5 13. exf6 Nxf6 14. Bg5 e5 15. Bb5 e4 16. N3d2 Qd6 17. Be3 Ng4 18. Rad1 Bxe3 19. fxe3 Rf2 20. Nxe4 Qg6 21. Nxf2 Nf6 0-1

[Event "GER-ch Net blitz qual3"]
[Site "Playchess.com INT"]
[Date "2021.05.07"]
[Round "11"]
[White "Speck, Stefan"]
[Black "Renner, Kai"]
[Result "1-0"]
[WhiteElo "1700"]
[BlackElo "1845"]
[PlyCount "123"]
[EventDate "2021.05.07"]
[EventType "swiss (blitz)"]
[EventRounds "11"]
[EventCountry "GER"]
[SourceTitle "CBM 202 Extra"]
[Source "ChessBase"]
[SourceDate "2021.07.31"]
[SourceVersion "1"]
[SourceVersionDate "2021.07.31"]
[SourceQuality "1"]

1. e4 c5 2. Nf3 e6 3. d4 cxd4 4. Nxd4 a6 5. Nc3 Qc7 6. Be3 Nf6 7. Bd3 b5 8. 0-0 Bb7 9. f3 d6 10. Kh1 Nbd7 11. Qd2 Be7 12. Rae1 0-0 13. Qf2 Ne5 14. Nb3 Rac8 15. Bb6 Qb8 16. h3 Nc4 17. Nd1 Bxe4 18. Ba7 Qb7 19. fxe4 Nd7 20. Bd4 e5 21. Be3 Nxe3 22. Nxe3 Nc5 23. Nd5 Bd8 24. Nxc5 dxc5 25. Be2 c4 26. Bh5 g6 27. Bg4 Rc6 28. Re3 h5 29. Bd1 Kg7 30. Qg3 a5 31. Qxe5+ Kg8 32. Qg3 Re6 33. Bxh5 b4 34. Bf3 Qa7 35. Qf2 Qa6 36. Ree1 a4 37. Nxb4 Qb5 38. c3 Bb6 39. Qg3 Bc5 40. a3 Rd8 41. Bg4 Re7 42. Bf5 Bxb4 43. axb4 Qc6 44. Bg4 Rd2 45. Rf2 Red7 46. Bxd7 Qxd7 47. Rxd2 Qxd2 48. Qb8+ Kg7 49. Rf1 Qe2 50. Qe5+ Kg8 51. Qf6 Qxe4 52. Qxf7+ Kh8 53. Qf6+ Kh7 54. Qf7+ Kh6 55. Qf4+ Qxf4 56. Rxf4 g5 57. Rxc4 Kg6 58. b5 a3 59. bxa3 Kf6 60. a4 Ke6 61. a5 Kd5 62. a6 1-0

[Event "GER-chT Online Liga 1 GpB"]
[Site "Playchess.com INT"]
[Date "2021.03.01"]
[Round "5.2"]
[White "Renner, Kai"]
[Black "Browning, Alex"]
[Result "1-0"]
[WhiteElo "2185"]
[BlackElo "2307"]
[PlyCount "87"]
[EventDate "2021.01.18"]
[EventType "team-tourn (rapid)"]
[EventRounds "7"]
[EventCountry "GER"]
[SourceTitle "EXT 2022"]
[Source "ChessBase"]
[SourceDate "2021.10.06"]
[SourceVersion "1"]
[SourceVersionDate "2021.10.06"]
[SourceQuality "1"]
[WhiteTeam "Hameln"]
[BlackTeam "Plettenberg"]
[WhiteTeamCountry "GER"]
[BlackTeamCountry "GER"]

1. e4 c5 2. Nf3 d6 3. d4 cxd4 4. Nxd4 Nf6 5. Nc3 a6 6. Be2 e5 7. Nb3 Be7 8. 0-0 0-0 9. Qd3 Nbd7 10. a4 b6 11. Qg3 Kh8 12. Be3 Bb7 13. f3 d5 14. exd5 Nxd5 15. Nxd5 Bxd5 16. Rfd1 Be6 17. Qf2 Qc7 18. Bd3 f5 19. Qe2 e4 20. fxe4 f4 21. Nd4 Bf7 22. Bf2 Ne5 23. Kh1 Bc5 24. Bg1 f3 25. Nxf3 Bh5 26. Rf1 Rf6 27. Bxc5 bxc5 28. Qe3 Bxf3 29. gxf3 Raf8 30. Be2 Ng6 31. Rad1 Nf4 32. Rd2 c4 33. Rd4 Qb6 34. c3 Rh6 35. Qd2 Qf6 36. Bxc4 Nh5 37. Qe1 Qe5 38. Rf2 g5 39. Rd5 Qf4 40. Qd2 Qh4 41. Rxg5 Nf6 42. Rgg2 Nh5 43. Qg5 Qf4 44. Qg8+ 1-0

[Event "GER-chT Online Liga 1 GpB"]
[Site "Playchess.com INT"]
[Date "2021.02.08"]
[Round "3.2"]
[White "Renner, Kai"]
[Black "Haufe, Laurin"]
[Result "0-1"]
[WhiteElo "2185"]
[BlackElo "2052"]
[PlyCount "108"]
[EventDate "2021.01.18"]
[EventType "team-tourn (rapid)"]
[EventRounds "7"]
[EventCountry "GER"]
[SourceTitle "EXT 2022"]
[Source "ChessBase"]
[SourceDate "2021.10.06"]
[SourceVersion "1"]
[SourceVersionDate "2021.10.06"]
[SourceQuality "1"]
[WhiteTeam "Hameln"]
[BlackTeam "Leipzig SG"]
[WhiteTeamCountry "GER"]
[BlackTeamCountry "GER"]

1. e4 c6 2. d4 d5 3. e5 Bf5 4. h4 h6 5. c4 e6 6. Nc3 Ne7 7. g4 Bh7 8. h5 dxc4 9. Bxc4 c5 10. d5 Nxd5 11. Nxd5 Be4 12. Bb5+ Nd7 13. Nc3 Bxh1 14. f3 Qh4+ 15. Kf1 0-0-0 16. Qe2 g6 17. hxg6 fxg6 18. Bxd7+ Rxd7 19. Ne4 Be7 20. Be3 h5 21. Bf2 Qh2 22. g5 Rhd8 23. Bg3 Qxe2+ 24. Kxe2 h4 25. Bxh4 Rh8 26. Bg3 Bg2 27. Rc1 b6 28. Kf2 Bh3 29. Nd6+ Kb8 30. Bf4 Bf5 31. Ne2 Rh5 32. b4 Bxd6 33. exd6 cxb4 34. Rc4 a5 35. Nd4 Kb7 36. Rc1 Rh8 37. Be5 Rc8 38. Rxc8 Kxc8 39. Ke3 Kb7 40. Nb5 Kc6 41. Nd4+ Kd5 42. f4 Bb1 43. Kd2 Bxa2 44. Nc2 b5 45. Ne3+ Ke4 46. Ng4 Rd8 47. Nf6+ Kf3 48. d7 b3 49. Kc1 b4 50. Bc7 a4 51. Bd6 a3 52. Be5 b2+ 53. Bxb2 axb2+ 54. Kxb2 Bd5 0-1

[Event "GER-chT Online Liga 1 GpB"]
[Site "Playchess.com INT"]
[Date "2021.02.02"]
[Round "2.1"]
[White "Renner, Kai"]
[Black "Perestjuk, Marko"]
[Result "0-1"]
[WhiteElo "2185"]
[BlackElo "2160"]
[PlyCount "52"]
[EventDate "2021.01.18"]
[EventType "team-tourn (rapid)"]
[EventRounds "7"]
[EventCountry "GER"]
[SourceTitle "EXT 2022"]
[Source "ChessBase"]
[SourceDate "2021.10.06"]
[SourceVersion "1"]
[SourceVersionDate "2021.10.06"]
[SourceQuality "1"]
[WhiteTeam "Hameln"]
[BlackTeam "Spandau Zitadelle"]
[WhiteTeamCountry "GER"]
[BlackTeamCountry "GER"]

1. e4 c5 2. Nf3 d6 3. d4 cxd4 4. Nxd4 Nf6 5. Nc3 Bd7 6. Bg5 e6 7. Ndb5 Bxb5 8. Bxb5+ Nc6 9. Qf3 Rc8 10. 0-0-0 Qa5 11. Bxf6 gxf6 12. Qxf6 Rg8 13. Qf4 a6 14. Bxc6+ Rxc6 15. Rd3 Bg7 16. Rhd1 Be5 17. Qe3 Rxg2 18. Qa7 Qc7 19. Rh3 b5 20. Qa8+ Qc8 21. Qxc8+ Rxc8 22. Rxh7 Rxf2 23. Rg1 Ke7 24. Kb1 b4 25. Na4 Rcxc2 26. Rc1 Rxb2+ 0-1

[Event "DSOL 01 Liga Gr-B 1st"]
[Site "Playchess.com INT"]
[Date "2020.07.20"]
[Round "5.2"]
[White "Renner, Kai"]
[Black "Werner, Clemens"]
[Result "1/2-1/2"]
[WhiteElo "2162"]
[BlackElo "2257"]
[PlyCount "106"]
[EventDate "2020.06.22"]
[EventType "team-tourn (rapid)"]
[EventCountry "GER"]
[SourceTitle "EXT 2021"]
[Source "ChessBase"]
[SourceDate "2020.10.23"]
[SourceVersion "1"]
[SourceVersionDate "2020.10.23"]
[SourceQuality "1"]
[WhiteTeam "Hameln"]
[BlackTeam "Ettlingen"]
[WhiteTeamCountry "GER"]
[BlackTeamCountry "GER"]

1. e4 c6 2. d4 d5 3. e5 Bf5 4. h4 c5 5. dxc5 Nc6 6. Bb5 h5 7. c3 Qc7 8. Nf3 e6 9. Be3 Nh6 10. Nbd2 Ng4 11. Bd4 f6 12. Qe2 Kf7 13. Bxc6 Qxc6 14. 0-0 Be7 15. Rfe1 Rae8 16. b4 Bd8 17. a4 Bc7 18. Qb5 a5 19. Ra3 Ra8 20. Qxc6 bxc6 21. b5 Rhb8 22. b6 Bd8 23. Nf1 Rb7 24. Ne3 Be4 25. Nxg4 hxg4 26. Nd2 Bf5 27. g3 Be7 28. f4 gxf3 29. Nxf3 Rxb6 30. cxb6 Bxa3 31. Ra1 Be7 32. exf6 gxf6 33. Ra2 Rb8 34. Rb2 c5 35. Be3 e5 36. Rb5 d4 37. cxd4 cxd4 38. Bxd4 Bd7 39. Bxe5 fxe5 40. Nxe5+ Ke6 41. Nxd7 Kxd7 42. Rxa5 Rxb6 43. Kg2 Bd6 44. Rg5 Ra6 45. a5 Bb4 46. h5 Rxa5 47. Rxa5 Bxa5 48. Kf3 Ke6 49. g4 Kf6 50. Kf4 Bc7+ 51. Kf3 Kg5 52. h6 Kxh6 53. g5+ Kxg5 1/2-1/2

[Event "Oberliga Nord W 1920"]
[Site "Germany"]
[Date "2020.02.09"]
[Round "6.3"]
[White "Palac, Mladen"]
[Black "Renner, Kai"]
[Result "1-0"]
[WhiteElo "2536"]
[BlackElo "2153"]
[PlyCount "75"]
[EventDate "2019.09.29"]
[EventType "team-tourn"]
[EventRounds "9"]
[EventCountry "GER"]
[SourceTitle "CBM 195 Extra"]
[Source "ChessBase"]
[SourceDate "2020.05.31"]
[SourceVersion "1"]
[SourceVersionDate "2020.05.31"]
[SourceQuality "1"]

1. Nf3 f5 2. d3 d6 3. e4 e5 4. Nc3 c5 5. g3 Nf6 6. Bg5 Be7 7. Bh3 fxe4 8. Bxc8 Qxc8 9. Bxf6 Bxf6 10. dxe4 Qc6 11. Nd2 Na6 12. Nc4 Rd8 13. Qg4 Nc7 14. Ne3 Qd7 15. Qd1 0-0 16. h4 Qe6 17. Ncd5 Nxd5 18. Qxd5 Qxd5 19. Nxd5 Rd7 20. Rd1 Kf7 21. Ke2 Ke6 22. c3 Bd8 23. f4 Rdf7 24. f5+ Kd7 25. Rdf1 b5 26. g4 h6 27. a4 bxa4 28. Ra1 Kc6 29. Rxa4 a5 30. b4 Kb5 31. Rha1 axb4 32. cxb4 Bxh4 33. Ra5+ Kc4 34. bxc5 dxc5 35. Rc1+ Kb3 36. Rb5+ Ka2 37. Nc3+ Ka3 38. Ra1# 1-0